Riptide - Vance Joy Lyrics - Statistics

General Stats
  • This quiz has been taken 1,551 times
  • The average score is 199 of 249
Answer Stats
Word % Correct
a
99%
i
99%
the
99%
dark
97%
and
96%
riptide
96%
to
96%
you
95%
down
94%
my
94%
your
94%
be
93%
in
91%
of
91%
was
91%
scared
90%
side
90%
love
89%
pretty
89%
running
89%
sing
89%
wanna
89%
conversations
88%
girls
88%
hand
88%
left
88%
man
88%
all
87%
are
87%
starting
87%
when
87%
youre
87%
green
86%
song
86%
that
86%
friends
85%
turning
85%
dentists
84%
oh
84%
singing
84%
away
82%
got
82%
words
81%
wrong
81%
lady
80%
gonna
79%
lump
77%
throat
77%
come
69%
dreams
69%
on
65%
this
65%
shes
64%
way
64%
they
63%
from
62%
know
62%
like
62%
new
62%
city
61%
it
61%
just
61%
york
61%
ever
60%
their
60%
think
60%
assistant
59%
movie
59%
seen
59%
taken
59%
unstuck
59%
his
58%
if
58%
magicians
58%
stay
58%
been
57%
for
57%
have
57%
shelf
57%
thing
56%
any
55%
closest
55%
job
55%
michelle
55%
other
55%
gotta
54%
guy
54%
himself
54%
quit
54%
swear
54%
youll
54%
cant
53%
highest
53%
living
53%
decides
52%
cowboys
51%
screen
51%
youve
51%
theres
50%
destined
49%
heads
34%
pfeiffer
34%
cos
18%
by
11%
No matching quizzes found
Score Distribution
Percent of People with Each Score
Percentile by Number Answered
Your Score History
You have not taken this quiz